[Event "Euskadi-chT (Vasca) Div 1st"]
[Site "Bergara"]
[Date "2018.02.03"]
[Round "4.2"]
[White "Hernandorena de la Cruz, Egoi"]
[Black "Idiazabal Troyas, Aritz"]
[Result "1-0"]
[WhiteElo "2032"]
[BlackElo "2015"]
[PlyCount "69"]
[EventDate "2018.01.13"]
[EventType "team-tourn"]
[EventRounds "9"]
[EventCountry "ESP"]
[SourceTitle "EXT 2020"]
[Source "ChessBase"]
[SourceDate "2019.10.17"]
[SourceVersion "1"]
[SourceVersionDate "2019.10.17"]
[SourceQuality "1"]
[WhiteTeam "Orvina II"]
[BlackTeam "Endroke"]
[WhiteTeamCountry "ESP"]
[BlackTeamCountry "ESP"]

1. e4 c5 2. Nc3 a6 3. g3 b5 4. Bg2 Bb7 5. d3 e6 6. Nh3 Be7 7. 0-0 Nf6 8. e5 Bxg2 9. Kxg2 Nd5 10. Nxd5 exd5 11. Qg4 g6 12. Nf4 d4 13. Nd5 0-0 14. Bh6 Re8 15. Rae1 Nc6 16. f4 Nb4 17. Nxb4 cxb4 18. f5 Qb6 19. Re4 Rac8 20. Rf2 Rc6 21. f6 Bc5 22. Qxd7 Rce6 23. Qd5 a5 24. Re1 Bd6 25. Ref1 Qb8 26. Bf4 Qb6 27. h4 Bf8 28. h5 b3 29. axb3 Bb4 30. hxg6 hxg6 31. Rh1 Rxf6 32. Kf3 Rf5 33. Rfh2 Rexe5 34. Rh8+ Kg7 35. R1h7+ 1-0

[Event "Barcelona Sants op 16th"]
[Site "Barcelona"]
[Date "2014.08.22"]
[Round "1"]
[White "Idiazabal Troyas, Aritz"]
[Black "Lyrberg, Patrik"]
[Result "0-1"]
[WhiteElo "1979"]
[BlackElo "2444"]
[PlyCount "40"]
[EventDate "2014.08.22"]
[EventType "swiss"]
[EventRounds "10"]
[EventCountry "ESP"]
[SourceTitle "CBM 162 Extra"]
[Source "ChessBase"]
[SourceDate "2014.10.17"]
[SourceVersion "1"]
[SourceVersionDate "2014.10.17"]
[SourceQuality "1"]

1. e4 Nf6 2. d3 Nc6 3. Nf3 e5 4. g3 Bc5 5. Bg2 d6 6. 0-0 h6 7. h3 g5 8. Kh2 g4 9. Nh4 gxh3 10. Bxh3 Bxh3 11. Kxh3 Qd7+ 12. Kg2 0-0-0 13. c3 Ne7 14. Nd2 Ng4 15. b4 Bxf2 16. Nb3 Bxg3 17. Nf5 Nxf5 18. Rxf5 Rdg8 19. Qf3 Bh4 20. Rxf7 Nf6+ 0-1

[Event "Navarra-chT Preferente"]
[Site "Navarra"]
[Date "2012.11.24"]
[Round "7.5"]
[White "Hernandez Barricarte, Miguel Angel"]
[Black "Idiazabal Troyas, Aritz"]
[Result "0-1"]
[WhiteElo "1848"]
[BlackElo "1992"]
[PlyCount "62"]
[EventDate "2012.10.13"]
[EventType "team"]
[EventRounds "7"]
[EventCountry "ESP"]
[SourceTitle "EXT 2014"]
[Source "ChessBase"]
[SourceDate "2013.11.20"]
[SourceVersion "1"]
[SourceVersionDate "2013.11.20"]
[SourceQuality "1"]
[WhiteTeam "Runa"]
[BlackTeam "Mikel Gurea Graficas Arga"]
[WhiteTeamCountry "ESP"]
[BlackTeamCountry "ESP"]

1. d4 c5 2. d5 e5 3. e4 d6 4. c4 Nf6 5. Nc3 Be7 6. Nf3 Nbd7 7. Be2 Nf8 8. a3 Ng6 9. b4 b6 10. h3 0-0 11. 0-0 Ne8 12. Bd3 h6 13. bxc5 bxc5 14. Qc2 Nf6 15. Be3 Nh5 16. Ne2 Bg5 17. Nxg5 hxg5 18. Ng3 Nhf4 19. Nf5 Qf6 20. Rfe1 Nxd3 21. Qxd3 Bxf5 22. exf5 Nh4 23. Qd2 Nxf5 24. Bxg5 Qg6 25. Kh1 Nd4 26. Rab1 Rfb8 27. Rxb8+ Rxb8 28. Be3 Nf5 29. f4 e4 30. Bf2 Rb3 31. Kh2 e3 0-1

[Event "Navarra-chT Preferente"]
[Site "Navarra"]
[Date "2012.10.20"]
[Round "2.7"]
[White "Idiazabal Troyas, Aritz"]
[Black "Tetimov, Ivan"]
[Result "1-0"]
[WhiteElo "1992"]
[BlackElo "2059"]
[PlyCount "61"]
[EventDate "2012.10.13"]
[EventType "team"]
[EventRounds "7"]
[EventCountry "ESP"]
[SourceTitle "EXT 2014"]
[Source "ChessBase"]
[SourceDate "2013.11.20"]
[SourceVersion "1"]
[SourceVersionDate "2013.11.20"]
[SourceQuality "1"]
[WhiteTeam "Mikel Gurea Graficas Arga"]
[BlackTeam "San Juan"]
[WhiteTeamCountry "ESP"]
[BlackTeamCountry "ESP"]

1. e4 c6 2. d4 d5 3. exd5 cxd5 4. Nc3 Nc6 5. Bf4 Bf5 6. Nf3 e6 7. Bb5 a6 8. Bxc6+ bxc6 9. 0-0 Bd6 10. Ne5 Bxe5 11. Bxe5 Nf6 12. Na4 0-0 13. Rc1 Nd7 14. Bd6 Re8 15. c4 Nb6 16. c5 Nxa4 17. Qxa4 Bd3 18. Rfe1 Bb5 19. Qc2 a5 20. Re3 Qf6 21. a4 Bc4 22. b3 Ba6 23. Be5 Qf5 24. Qd2 Bc8 25. Rf3 Qe4 26. Re1 Qh4 27. Bf6 Qh6 28. Qxh6 gxh6 29. Rg3+ Kf8 30. Rg7 e5 31. Rxh7 1-0

[Event "Euskadi-ch"]
[Site "Zornotza"]
[Date "2011.04.27"]
[Round "6"]
[White "Idiazabal Troyas, Aritz"]
[Black "Cendagortagalarza Rodriguez, Jos"]
[Result "0-1"]
[WhiteElo "1985"]
[BlackElo "1696"]
[PlyCount "68"]
[EventDate "2011.04.23"]
[EventType "swiss"]
[EventRounds "7"]
[EventCountry "ESP"]
[SourceTitle "EXT 2018"]
[Source "ChessBase"]
[SourceDate "2017.10.13"]
[SourceVersion "1"]
[SourceVersionDate "2017.10.13"]
[SourceQuality "1"]

1. e4 c5 2. Nf3 d6 3. d4 cxd4 4. Nxd4 Nf6 5. Nc3 g6 6. Be3 Bg7 7. f3 0-0 8. Qd2 Nc6 9. Bc4 Bd7 10. 0-0-0 Qb8 11. h4 b5 12. Ndxb5 Ne5 13. Be2 Rc8 14. g4 a6 15. Nd4 Qb7 16. h5 Rab8 17. Nb3 a5 18. a4 Bxa4 19. hxg6 Bxb3 20. cxb3 hxg6 21. Bh6 Bh8 22. Bf8 Nh5 23. gxh5 Kxf8 24. h6 Qxb3 25. h7 Ng4 26. e5 Ne3 27. exd6 Rxc3+ 28. Kb1 Qc2+ 29. Qxc2 Rxc2 30. Bd3 Rbxb2+ 31. Ka1 Ra2+ 32. Kb1 Rcb2+ 33. Kc1 Ra1+ 34. Bb1 Raxb1# 0-1

[Event "Euskadi-ch"]
[Site "Zornotza"]
[Date "2011.04.24"]
[Round "2"]
[White "Idiazabal Troyas, Aritz"]
[Black "Urretabizkaia Merino, Asier"]
[Result "1-0"]
[WhiteElo "1985"]
[BlackElo "2120"]
[PlyCount "73"]
[EventDate "2011.04.23"]
[EventType "swiss"]
[EventRounds "7"]
[EventCountry "ESP"]
[SourceTitle "EXT 2018"]
[Source "ChessBase"]
[SourceDate "2017.10.13"]
[SourceVersion "1"]
[SourceVersionDate "2017.10.13"]
[SourceQuality "1"]

1. e4 c5 2. Nf3 d6 3. d4 Nf6 4. Nc3 cxd4 5. Nxd4 a6 6. Be3 e5 7. Nf3 Be7 8. Bc4 0-0 9. 0-0 Be6 10. Bxe6 fxe6 11. Na4 Ng4 12. Qd3 b5 13. Nb6 Nxe3 14. Qxe3 Ra7 15. Nd5 exd5 16. Qxa7 dxe4 17. Nd2 d5 18. Rad1 Nc6 19. Qxa6 Nd4 20. Kh1 Rf6 21. Qa7 Rh6 22. Nxe4 Bc5 23. Nf6+ Qxf6 24. Qa8+ Bf8 25. Qxd5+ Kh8 26. Rd3 Qe6 27. Qxe6 Rxe6 28. Re1 Nxc2 29. Re4 Rd6 30. Rxd6 Bxd6 31. f4 Kg8 32. fxe5 Be7 33. e6 Kf8 34. a4 bxa4 35. Rc4 a3 36. Rxc2 a2 37. Rc8+ 1-0

[Event "ESP-ch U18"]
[Site "Linares"]
[Date "2010.07.26"]
[Round "1"]
[White "Idiazabal Troyas, Aritz"]
[Black "Arribas Lopez, Angel"]
[Result "0-1"]
[WhiteElo "1913"]
[BlackElo "2442"]
[PlyCount "56"]
[EventDate "2010.07.26"]
[EventType "swiss"]
[EventRounds "9"]
[EventCountry "ESP"]
[SourceTitle "CBM 137 Extra"]
[Source "ChessBase"]
[SourceDate "2010.09.01"]
[SourceVersion "1"]
[SourceVersionDate "2010.09.01"]
[SourceQuality "1"]

1. e4 c6 2. d4 d5 3. exd5 cxd5 4. Nc3 Nc6 5. Bf4 a6 6. Nf3 Bg4 7. Be2 e6 8. 0-0 Nf6 9. Ne5 Bxe2 10. Nxc6 bxc6 11. Qxe2 Qb6 12. Qd3 Nd7 13. b3 Be7 14. Ne2 0-0 15. c4 dxc4 16. bxc4 Rfd8 17. Rab1 Qa5 18. Rb7 Nc5 19. Bd2 Qa4 20. Nc3 Qa3 21. Qb1 Nxb7 22. Qxb7 Bf6 23. Rb1 Bxd4 24. Rb3 Qc5 25. Ne4 Qa7 26. Qxc6 Rac8 27. Qa4 f5 28. Bg5 Bxf2+ 0-1

[Event "Euskadi-ch U18"]
[Site "Eibar"]
[Date "2010.04.10"]
[Round "6"]
[White "Alcaide Rodriguez, Mikel"]
[Black "Idiazabal Troyas, Aritz"]
[Result "1-0"]
[WhiteElo "1775"]
[BlackElo "1879"]
[PlyCount "120"]
[EventDate "2010.04.06"]
[EventType "swiss"]
[EventRounds "6"]
[EventCountry "ESP"]
[SourceTitle "CBM 136 Extra"]
[Source "ChessBase"]
[SourceDate "2010.07.02"]
[SourceVersion "2"]
[SourceVersionDate "2010.07.15"]
[SourceQuality "1"]

1. d4 c5 2. d5 e5 3. e4 d6 4. Nc3 Nf6 5. Be2 Be7 6. Nf3 Nbd7 7. 0-0 Nf8 8. Nd2 Ng6 9. g3 0-0 10. a4 Ne8 11. Nc4 Bg5 12. Bxg5 Qxg5 13. Qd2 Qxd2 14. Nxd2 f5 15. f3 f4 16. Kg2 h5 17. Rh1 h4 18. g4 Kf7 19. Nc4 Ke7 20. a5 Bd7 21. Rhb1 Nc7 22. b4 Na6 23. b5 Nb4 24. Na3 h3+ 25. Kf2 a6 26. b6 Nh4 27. Nd1 Ba4 28. Rb2 Ng2 29. c3 Bxd1 30. Rxd1 Ne3 31. Rdd2 Nbxd5 32. exd5 e4 33. fxe4 Ng2 34. Bf3 Nh4 35. c4 Ng6 36. Rb3 Rh8 37. Rd1 Ne5 38. Rc3 g5 39. Nc2 Rh4 40. Rg1 Kf6 41. Ne1 Rah8 42. Nd3 Nxd3+ 43. Rxd3 Ke5 44. Re1 R4h7 45. Bd1 Re8 46. Kf3 Rf8 47. Ba4 Rc8 48. Rb1 Rd8 49. Bb5 Ra8 50. Ba4 Rd8 51. Bd1 Rdh8 52. Be2 Rh4 53. Bf1 R4h7 54. Rbb3 Rh4 55. Kf2 R8h7 56. Rxh3 Kxe4 57. Bd3+ Kd4 58. Bxh7 Rxg4 59. Bf5 Rh4 60. Rxh4 gxh4 1-0

[Event "Euskadi-ch U18"]
[Site "Eibar"]
[Date "2010.04.07"]
[Round "2"]
[White "Marcos Ruiz, Uxue"]
[Black "Idiazabal Troyas, Aritz"]
[Result "0-1"]
[WhiteElo "1502"]
[BlackElo "1879"]
[PlyCount "78"]
[EventDate "2010.04.06"]
[EventType "swiss"]
[EventRounds "6"]
[EventCountry "ESP"]
[SourceTitle "CBM 136 Extra"]
[Source "ChessBase"]
[SourceDate "2010.07.02"]
[SourceVersion "2"]
[SourceVersionDate "2010.07.15"]
[SourceQuality "1"]

1. e4 c5 2. Nf3 Nc6 3. Bb5 g6 4. 0-0 Bg7 5. c3 a6 6. Bxc6 bxc6 7. d4 cxd4 8. cxd4 d5 9. e5 Qb6 10. Nc3 Bg4 11. Na4 Qa7 12. Nc5 Nh6 13. h3 Bxf3 14. Qxf3 Nf5 15. Qd3 Bxe5 16. dxe5 Qxc5 17. Re1 0-0 18. Bd2 Qb6 19. b3 c5 20. Bg5 h6 21. Bc1 d4 22. g4 Nh4 23. Bxh6 Qc6 24. Kf1 Qg2+ 25. Ke2 Qd5 26. Bxf8 Rxf8 27. Kd1 Rd8 28. Rc1 Nf3 29. Re4 Nxe5 30. Rxe5 Qxe5 31. Rc4 Qf4 32. Ke1 Rd5 33. Rc2 Re5+ 34. Re2 Qc1+ 35. Qd1 Rxe2+ 36. Kxe2 Qxd1+ 37. Kxd1 Kg7 38. Kd2 Kf6 39. f4 g5 0-1

[Event "ESP-ch U18"]
[Site "Granada"]
[Date "2009.07.21"]
[Round "3"]
[White "Idiazabal Troyas, Aritz"]
[Black "Zamarbide Inarrea, Daniel"]
[Result "0-1"]
[WhiteElo "1831"]
[BlackElo "2176"]
[PlyCount "86"]
[EventDate "2009.07.20"]
[EventType "swiss"]
[EventRounds "9"]
[EventCountry "ESP"]
[SourceTitle "CBM 131 Extra"]
[Source "ChessBase"]
[SourceDate "2009.09.03"]
[SourceVersion "2"]
[SourceVersionDate "2009.09.16"]
[SourceQuality "1"]

1. e4 c5 2. d4 cxd4 3. c3 dxc3 4. Nxc3 Nc6 5. Bc4 d6 6. Nf3 Nf6 7. e5 dxe5 8. Qxd8+ Nxd8 9. Nb5 Rb8 10. Nxe5 e6 11. Nc7+ Ke7 12. b3 Nd7 13. Ng4 Nc6 14. Bf4 h5 15. Nb5 hxg4 16. Bxb8 Ndxb8 17. 0-0-0 Kf6 18. Nd4 Nxd4 19. Rxd4 e5 20. Rd2 Nc6 21. Kb2 Nd4 22. Rc1 Bb4 23. Rdd1 Bf5 24. a3 Bd6 25. Bd5 b6 26. Bb7 a5 27. Rc6 Ke7 28. Rxb6 Rb8 29. Rc1 Be4 30. Rxd6 Rxb7 31. Rxd4 exd4 32. Re1 f5 33. f3 gxf3 34. gxf3 Kd6 35. fxe4 Re7 36. Rf1 fxe4 37. Kc2 Ke5 38. Kd2 Rc7 39. Rg1 e3+ 40. Ke2 Rc2+ 41. Kd3 Rd2+ 42. Kc4 e2 43. Rxg7 Kf6 0-1

[Event "ESP-chT Autonomicas 4th"]
[Site "Villava"]
[Date "2009.05.01"]
[Round "3"]
[White "Planells Roig, Jose"]
[Black "Idiazabal Troyas, Aritz"]
[Result "1-0"]
[WhiteElo "2076"]
[BlackElo "1838"]
[PlyCount "61"]
[EventDate "2009.04.30"]
[EventType "team-tourn"]
[EventRounds "6"]
[EventCountry "ESP"]
[SourceTitle "CBM 130 Extra"]
[Source "ChessBase"]
[SourceDate "2009.07.02"]
[SourceVersion "2"]
[SourceVersionDate "2009.07.15"]
[SourceQuality "1"]

1. e4 c5 2. Nf3 Nc6 3. d4 cxd4 4. Nxd4 g6 5. Nc3 Bg7 6. Be3 Nf6 7. Bc4 Qa5 8. 0-0 0-0 9. Nb3 Qd8 10. Bg5 d6 11. Re1 Bd7 12. Qd2 Rc8 13. Rad1 Ne5 14. Be2 Nc4 15. Bxc4 Rxc4 16. e5 Bg4 17. f3 Qc8 18. exf6 exf6 19. Bh6 Bf5 20. Bxg7 Kxg7 21. Kh1 a6 22. Nd4 Bd7 23. Ne4 Qb8 24. Nxd6 Rc5 25. Ne4 Rh5 26. g4 Re5 27. Qf4 Qd8 28. g5 Rfe8 29. gxf6+ Kh8 30. Qh6 Rg8 31. Ng5 1-0

[Event "Pamplona op"]
[Site "Pamplona"]
[Date "2008.12.22"]
[Round "1"]
[White "Reinaldo Castineira, Roi"]
[Black "Idiazabal Troyas, Aritz"]
[Result "1-0"]
[WhiteElo "2516"]
[BlackElo "1823"]
[PlyCount "51"]
[EventDate "2008.12.22"]
[EventType "swiss"]
[EventRounds "9"]
[EventCountry "ESP"]
[SourceTitle "CBM 127 Extra"]
[Source "ChessBase"]
[SourceDate "2009.01.08"]
[SourceVersion "2"]
[SourceVersionDate "2009.01.28"]
[SourceQuality "1"]

1. d4 c5 2. d5 e5 3. Nc3 d6 4. e4 g6 5. h4 a6 6. a4 Nd7 7. h5 Ndf6 8. hxg6 fxg6 9. Be2 Bg7 10. Nf3 Bd7 11. Ng5 Qc8 12. f4 h6 13. Nf3 Nh5 14. Nxe5 dxe5 15. Bxh5 gxh5 16. Qxh5+ Kd8 17. fxe5 Bg4 18. Qh4+ Ke8 19. e6 h5 20. Qg5 Qc7 21. Qg6+ Kf8 22. 0-0+ Bf6 23. d6 Qg7 24. e7+ Nxe7 25. dxe7+ Kxe7 26. Nd5+ 1-0